Statistics for Top 3 Countries in N...

Click here to take the quiz!

General Stats

  • This quiz has been taken 74 times
  • The average score is 18 of 27

Answer Stats

Most... Country % Correct
NeighboursRussia
98%
United States
97%
China
97%
Canada
92%
Nuclear energy (%)France
90%
Brazil
87%
NewspapersIndia
85%
Indonesia
78%
NorthernGreenland ( Denmark )
75%
Italy
75%
Switzerland
75%
Iran
62%
Philippines
52%
Luxembourg
50%
Ukraine
47%
Slovakia
18%
Nobel prizes per capitaSaint Lucia
5%
Natural disaster riskVanuatu
5%
Tonga
3%
Nutmeg productionGuatemala
2%

Score Distribution

Percentile by Number Answered

Percent of People with Each Score

Your Score History

You have not taken this quiz